Song to Artist 2015 - Statistics

General Stats
  • This quiz has been taken 9 times
  • The average score is 11 of 20
Answer Stats
Song Artist % Correct
Hello Adele
100%
Can't Feel My Face The Weeknd
100%
Love Me Like You Do Ellie Goulding
89%
What Do You Mean Justin Bieber
89%
Drag Me Down One Direction
89%
Stressed Out Twenty One Pilots
89%
See You Again Wiz Khalifa ft Charlie Puth
89%
Hotline Bling Drake
78%
Four Five Seconds Kanye West ft. Rihanna
78%
Black Magic Little Mix
67%
Good for You Selena Gomez
67%
Want to Want Me Jason Derulo
56%
Lean On DJ Snake
22%
Heartbeat Song Kelly Clarkson
22%
Hit The Quan iLoveMemphis
11%
Truffle Butter NIcki MInaj
11%
King Years & Years
11%
Dead Inside Muse
0%
The Fix Nelly
0%
Slow Motion Trey Songz
0%
No matching quizzes found
Score Distribution
Percent of People with Each Score
Percentile by Number Answered
Your Score History
You have not taken this quiz